000 00673cam a22002413a 4500
001 24681
003 PGUSA
005 20140828083530.0
008 080224s2008||||xxu|||||s|||||000 | eng d
040 _aPGUSA
_beng
042 _adc
050 4 _aTA
100 1 _aHorton, Charles M.
_q(Charles Marcus),
_d1879-
245 1 0 _aOpportunities in Engineering
_h[electronic resource] /
_cCharles M. Horton
260 _bProject Gutenberg,
_c2008
506 _aPublic domain in the USA.
516 _aElectronic text
653 _aEngineers
653 _aEngineering
830 0 _aProject Gutenberg
_v24681
856 4 0 _uhttp://www.gutenberg.org/ebooks/24681
942 _cEB
999 _c253936
_d253936